000 00800cam a2200229 a 4500
001 000008848
005 20200929161426.0
008 880504s1990 pr 000 f spa
040 _aDO-SdBNP
_bspa
_cLC
_dBNPHU
082 _aPR863.44
_bG216f, 1990
100 1 _aGarcía Ramis, Magali,
_d1946-
_923400
245 1 0 _aFelices días, Tio Sergio /
_cMagali García Ramis.
250 _a4a ed.
260 _a[Río Piedras], (Puerto Rico) :
_bAntillana,
_c1990.
300 _a155 p. ;
_c18 cm.
490 1 _aCuadernos de Jacinto Colón
_v4
590 _aLa biblioteca posee 1 ejemplar autografiado por el autor.
650 4 _aNovela puertorriqueña
_91185
650 4 _aLiteratura puertorriqueña
_ySIGLO XX
_95311
830 0 _aCuadernos de Jacinto Colón ;
_v4
_923401
910 _aCatalogación derivada.
999 _c8617
_d8617